| 000 -LEADER |
| fixed length control field |
01563cam a22003854a 4500 |
| 001 - CONTROL NUMBER |
| control field |
13754763 |
| 003 - CONTROL NUMBER IDENTIFIER |
| control field |
Nust- CAS-E |
| 005 - DATE AND TIME OF LATEST TRANSACTION |
| control field |
20180118181404.0 |
| 008 - FIXED-LENGTH DATA ELEMENTS--GENERAL INFORMATION |
| fixed length control field |
041019s2004 dcuab b 000 0 eng |
| 010 ## - LIBRARY OF CONGRESS CONTROL NUMBER |
| LC control number |
2004062292 |
| 020 ## - INTERNATIONAL STANDARD BOOK NUMBER |
| International Standard Book Number |
0875904130 (alk. paper) |
| 040 ## - CATALOGING SOURCE |
| Original cataloging agency |
DLC |
| Transcribing agency |
DLC |
| Modifying agency |
DLC |
| 042 ## - AUTHENTICATION CODE |
| Authentication code |
pcc |
| 043 ## - GEOGRAPHIC AREA CODE |
| Geographic area code |
x------ |
| 050 00 - LIBRARY OF CONGRESS CALL NUMBER |
| Classification number |
GC228.5 |
| Item number |
.M53 2004 |
| 082 00 - DEWEY DECIMAL CLASSIFICATION NUMBER |
| Classification number |
551.1 |
| Edition number |
22 |
| Author Mark |
MID 2004 |
| 245 00 - TITLE STATEMENT |
| Title |
Mid-ocean ridges : |
| Remainder of title |
hydrothermal interactions between the lithosphere and oceans / |
| Statement of responsibility, etc. |
Christopher R. German, Jian Lin, Lindsay M. Parson, editors. |
| 260 ## - PUBLICATION, DISTRIBUTION, ETC. |
| Place of publication, distribution, etc. |
Washington, DC : |
| Name of publisher, distributor, etc. |
American Geophysical Union, |
| Date of publication, distribution, etc. |
c2004. |
| 300 ## - PHYSICAL DESCRIPTION |
| Extent |
viii, 318 p. : |
| Other physical details |
ill. (some col.), maps (some col.) ; |
| Dimensions |
28 cm. |
| 440 #0 - SERIES STATEMENT/ADDED ENTRY--TITLE |
| Title |
Geophysical monograph, |
| International Standard Serial Number |
0065-8448 ; |
| Volume/sequential designation |
148 |
| 502 ## - DISSERTATION NOTE |
| Dissertation note |
0 |
| 504 ## - BIBLIOGRAPHY, ETC. NOTE |
| Bibliography, etc. note |
Includes bibliographical references. |
| 650 #0 - SUBJECT ADDED ENTRY--TOPICAL TERM |
| Topical term or geographic name entry element |
Hydrothermal circulation (Oceanography) |
| 650 #0 - SUBJECT ADDED ENTRY--TOPICAL TERM |
| Topical term or geographic name entry element |
Mid-ocean ridges |
| General subdivision |
Research. |
| 650 #0 - SUBJECT ADDED ENTRY--TOPICAL TERM |
| Topical term or geographic name entry element |
Hydrothermal vents. |
| 650 #0 - SUBJECT ADDED ENTRY--TOPICAL TERM |
| Topical term or geographic name entry element |
Sea-floor spreading. |
| 651 #0 - SUBJECT ADDED ENTRY--GEOGRAPHIC NAME |
| Geographic name |
Earth (Planet) |
| General subdivision |
Crust. |
| 700 1# - ADDED ENTRY--PERSONAL NAME |
| Personal name |
German, Christopher R. |
| Fuller form of name |
(Christopher Russell), |
| Dates associated with a name |
1963- |
| 700 1# - ADDED ENTRY--PERSONAL NAME |
| Personal name |
Lin, Jian, |
| Dates associated with a name |
1959- |
| 700 1# - ADDED ENTRY--PERSONAL NAME |
| Personal name |
Parson, Lindsay M. |
| Fuller form of name |
(Lindsay Murray), |
| Dates associated with a name |
1954- |
| 856 41 - ELECTRONIC LOCATION AND ACCESS |
| Materials specified |
Table of contents only |
| Uniform Resource Identifier |
<a href="http://www.loc.gov/catdir/toc/fy1001/2004062292.html">http://www.loc.gov/catdir/toc/fy1001/2004062292.html</a> |
| 906 ## - LOCAL DATA ELEMENT F, LDF (RLIN) |
| a |
7 |
| b |
cbc |
| c |
orignew |
| d |
1 |
| e |
ocip |
| f |
20 |
| g |
y-gencatlg |
| 942 ## - ADDED ENTRY ELEMENTS (KOHA) |
| Source of classification or shelving scheme |
|
| Koha item type |
Book |